<?xml version="1.0" encoding="UTF-8"?>
<record
    xmlns:xsi="http://www.w3.org/2001/XMLSchema-instance"
    xsi:schemaLocation="http://www.loc.gov/MARC21/slim http://www.loc.gov/standards/marcxml/schema/MARC21slim.xsd"
    xmlns="http://www.loc.gov/MARC21/slim">

  <leader>01104cam a22002651  4500</leader>
  <controlfield tag="001">gs 52000114 </controlfield>
  <controlfield tag="003">DLC</controlfield>
  <controlfield tag="005">20260227111358.0</controlfield>
  <controlfield tag="008">731024s1951    xx            000 0 eng  </controlfield>
  <datafield tag="010" ind1=" " ind2=" ">
    <subfield code="a">gs 52000114 </subfield>
  </datafield>
  <datafield tag="035" ind1=" " ind2=" ">
    <subfield code="a">(OCoLC)726918</subfield>
  </datafield>
  <datafield tag="040" ind1=" " ind2=" ">
    <subfield code="a">DLC</subfield>
    <subfield code="c">OAU</subfield>
    <subfield code="d">OCoLC</subfield>
    <subfield code="d">DLC</subfield>
  </datafield>
  <datafield tag="042" ind1=" " ind2=" ">
    <subfield code="a">premarc</subfield>
  </datafield>
  <datafield tag="050" ind1="0" ind2="0">
    <subfield code="a">QE81</subfield>
    <subfield code="b">.A17 no. 2</subfield>
  </datafield>
  <datafield tag="100" ind1="1" ind2=" ">
    <subfield code="a">Toulmin, Lyman Dorgan,</subfield>
    <subfield code="d">1904-</subfield>
  </datafield>
  <datafield tag="245" ind1="0" ind2="0">
    <subfield code="a">Geology and ground-water resources of Choctaw county, Alabama,</subfield>
    <subfield code="c">by L. D. Toulmin, P. E. La Moreaux and C. R. Lanphere.  Prepared by the U. S. Geological Survey in cooperation with the Geological Survey of Alabama.</subfield>
  </datafield>
  <datafield tag="260" ind1=" " ind2=" ">
    <subfield code="a">University,</subfield>
    <subfield code="c">1951.</subfield>
  </datafield>
  <datafield tag="300" ind1=" " ind2=" ">
    <subfield code="a">x, 197 p.</subfield>
    <subfield code="b">illus., maps (2 fold., 1 col., in pocket) diagrs., 4 tables.</subfield>
    <subfield code="c">23 cm.</subfield>
  </datafield>
  <datafield tag="490" ind1="1" ind2=" ">
    <subfield code="a">Alabama.  Geological Survey.  Special report 21 and County report 2</subfield>
  </datafield>
  <datafield tag="504" ind1=" " ind2=" ">
    <subfield code="a">Bibliography: p. 152-157.</subfield>
  </datafield>
  <datafield tag="650" ind1=" " ind2="0">
    <subfield code="a">Geology</subfield>
    <subfield code="z">Alabama</subfield>
    <subfield code="z">Choctaw County.</subfield>
  </datafield>
  <datafield tag="650" ind1=" " ind2="0">
    <subfield code="a">Groundwater</subfield>
    <subfield code="z">Alabama</subfield>
    <subfield code="z">Choctaw County.</subfield>
  </datafield>
  <datafield tag="810" ind1="2" ind2=" ">
    <subfield code="a">Geological Survey of Alabama.</subfield>
    <subfield code="t">Special report ;</subfield>
    <subfield code="v">21.</subfield>
  </datafield>
  <datafield tag="810" ind1="2" ind2=" ">
    <subfield code="a">Geological Survey of Alabama.</subfield>
    <subfield code="t">County report ;</subfield>
    <subfield code="v">2.</subfield>
  </datafield>
  <datafield tag="999" ind1=" " ind2=" ">
    <subfield code="c">28634</subfield>
    <subfield code="d">28634</subfield>
  </datafield>
</record>
